| 000 | 01003nam a2200325Ia 4500 | ||
|---|---|---|---|
| 001 | dia_6228 | ||
| 003 | CHAP | ||
| 005 | 20251027151914.0 | ||
| 008 | 220117s1999 xx 000 0 und d | ||
| 010 | _a177451 | ||
| 020 | _a968-18-5890-5 | ||
| 040 | _cCHAP | ||
| 082 | _a516.186 M66 1999 | ||
| 100 |
_aMonroy Pérez, Felipe _9161237 |
||
| 245 |
_aMatemáticas para el diseño : introducción a la teoría de la simetría / _c Felipe Monroy Pérez |
||
| 260 |
_aMéxico : _b Limusa, _c1999 |
||
| 300 | _a101 p. | ||
| 440 |
_aColección Textos Politénicos. Serie Matemáticas _9161238 |
||
| 503 | _aC/e | ||
| 504 | _aBibliografía: p. 101 | ||
| 590 | _aQ174.7S96 M66 1999 | ||
| 650 |
_aGrupos simétricos _9161239 |
||
| 650 |
_aSimetría _9106156 |
||
| 650 |
_aSymmetry (mathematics) _9161240 |
||
| 650 |
_aSymmetry groups _9161241 |
||
| 901 | _a516.186 M66 1999 | ||
| 902 | _aA | ||
| 905 | _a5232271999 mx amn 8222223322spa16 | ||
| 942 |
_cLIBRO _2ddc |
||
| 999 |
_c177451 _d177451 |
||